| 000 | 00409nam a2200157Ia 4500 | ||
|---|---|---|---|
| 005 | 20250423095507.0 | ||
| 008 | 250422s9999 xx 000 0 und d | ||
| 020 | _a0-321-45146-5 | ||
| 100 | _aKaren C. Timberlake | ||
| 245 | 0 | _aGeneral, Organic, and Biological Chemistry structures of Life | |
| 250 | _a2nd ed. | ||
| 260 | _bPearson Benjamin Cummings | ||
| 260 | _c2007 | ||
| 300 | _a896 p | ||
| 942 | _cBK | ||
| 999 |
_c30441 _d30441 |
||